• 首页
  • 本馆介绍
  • 公告通知
  • 最新文献
  • 馆藏检索
  • 电子资源
  • 读者导购
  • 参考咨询
  • 我的图书馆
  • 登录
  • 详细信息显示
  • 放入我的书架
  • 预约/预借图书
  • 作者相关作品
  • 分类相关作品
  • 丛书相关作品
  • 出版社相关作品

书目信息

  • 表格格式
  • 工作单格式
  • 卡片格式
题名:
声学原理概要和习题
    
 
作者: 塞托 编著 ;金树武 译
分册:  
出版信息: 杭州   浙江科学技术出版社  1985.6
页数: 355页
开本: 20cm
丛书名:
单 册:
中图分类: O42
科图分类:
主题词: 声学
电子资源:
ISBN:
000 00580nam0 2200205 45
001 0312221749
005 20040629111455.4
010    @dCNY1.95
100    @a20031222d1985 km y0chiy0120 ea
101    @achi@ceng
105    @a z 000yy
200 1  @a声学原理概要和习题@ASheng Xue Yuan Li Gai Yao He Xi Ti@f(美)W.塞托编著@F(Mei)W.Sai Tuo Bian Zhu@g金树武等译
210    @a杭州@c浙江科学技术出版社@d1985.6
215    @a355页@d20cm
606 0  @a声学
690    @aO42@v3
701 0  @a塞托@4编著
702 0  @a金树武@4译
801    @aCN@bTSTCL@c20031222
905    @f1@b169169@dO42@e12
    
    声学原理概要和习题/(美)W.塞托编著/金树武等译.-杭州:浙江科学技术出版社,1985.6
    355页;20cm
    
    
    ISBN :CNY1.95
    
●
相关链接 在E读中查询图书 在五车中查询图书 在当当中查询图书 在豆瓣中查询图书


正题名:声学原理概要和习题     索取号:O42/12         预约/预借

序号 登录号 条形码 馆藏地/架位号 状态 备注
1 0169169   001931734   第三借阅区/ [索取号:O42/12] 在馆    
2 0169170   001462241   第三借阅区/ [索取号:O42/12] 在馆    
3 0169171   001462269   第二样本阅览室/ [索取号:O42/12] 在馆    
唐山师范学院图书馆 欢迎您!
大连网信软件有限公司© 版权所有